[Event "Mittelfrankenliga 05/06 (B1)"]
[Site "Mfr.2005/06-R1"]
[Date "2005.10.16"]
[Round "1.1"]
[White "Promyshlyanskiy, Vitaliy"]
[Black "Kociurzynski, Andre"]
[Result "1/2-1/2"]
[WhiteElo "2195"]
[BlackElo "1954"]
[Annotator "SF Fürth1-NTNbg3"]
[PlyCount "88"]
[EventDate "2005.10.16"]
[SourceDate "2005.10.17"]

1. e4 c5 2. Nc3 d6 3. f4 Nc6 4. Nf3 g6 5. Bc4 Bg7 6. O-O e6 7. d3 Nge7 8. f5
exf5 9. Qe1 O-O 10. Qh4 d5 11. exd5 b5 12. Nxb5 a6 13. Nc3 Nd4 14. Bg5 Ra7 15.
Rae1 Re8 16. d6 Nxf3+ 17. Rxf3 Qxd6 18. Nd5 Kf8 19. Bxe7+ Raxe7 20. Rxe7 Rxe7
21. Qxe7+ Qxe7 22. Nxe7 Kxe7 23. c3 a5 24. Re3+ Be6 25. Bxe6 fxe6 26. Kf1 Kd6
27. Ke2 Be5 28. Kd1 h6 29. h3 g5 30. Kc2 g4 31. Kb3 f4 32. Re4 f3 33. gxf3 gxf3
34. Re3 f2 35. Rf3 Bg3 36. Kc2 Ke5 37. Kd2 Bf4+ 38. Kd1 Be3 39. Rxe3+ Kf4 40.
Re1 fxe1=Q+ 41. Kxe1 Ke3 42. d4 cxd4 43. cxd4 Kxd4 44. Kd2 e5 1/2-1/2

[Event "Mittelfrankenliga 05/06 (B1)"]
[Site "Mfr.2005/06-R1"]
[Date "2005.10.16"]
[Round "1.2"]
[White "Kirbach, Thomas"]
[Black "Vogiatzis, Dimitrios"]
[Result "0-1"]
[WhiteElo "1936"]
[BlackElo "1996"]
[Annotator "SF Fürth1-NTNbg3"]
[PlyCount "134"]
[EventDate "2005.10.16"]
[SourceDate "2005.10.17"]

1. d4 f5 2. e4 fxe4 3. Nc3 Nf6 4. g4 d5 5. g5 Ng8 6. f3 Bf5 7. Bg2 exf3 8. Nxf3
e6 9. Bf4 Bd6 10. Bxd6 Qxd6 11. Qe2 Nd7 12. O-O-O O-O-O 13. Kb1 Ne7 14. Ka1 Ng6
15. Nb5 Qa6 16. Bf1 Qb6 17. Nd2 a6 18. Na3 Qxd4 19. c3 Qg4 20. Qe1 Qh4 21. Qe3
Kb8 22. c4 d4 23. Qb3 Nc5 24. Qb4 b6 25. Nb3 Nxb3+ 26. Qxb3 Qe4 27. Bd3 Qc6 28.
Rhe1 Bxd3 29. Qxd3 e5 30. Nc2 Ka7 31. Nb4 Qc5 32. a3 c6 33. Qe4 Rd6 34. Nd3
Qxc4 35. Nxe5 Nxe5 36. Qxe5 Rd7 37. Qe4 Qd5 38. Qd3 Rhd8 39. Rc1 c5 40. Qxh7 d3
41. Rcd1 Qxg5 42. Qe4 Qd5 43. Qxd5 Rxd5 44. Re7+ R8d7 45. Re6 c4 46. Kb1 b5 47.
Rg6 R5d6 48. Rg2 Kb6 49. Kc1 a5 50. Kd2 b4 51. axb4 axb4 52. Rdg1 Re7 53. h4
Kb5 54. Ra1 Rde6 55. Rg5+ Kb6 56. Rag1 Re2+ 57. Kc1 Re1+ 58. Rxe1 Rxe1+ 59. Kd2
Re2+ 60. Kc1 c3 61. bxc3 bxc3 62. Rg1 Rh2 63. Rd1 Rc2+ 64. Kb1 Rb2+ 65. Ka1 d2
66. Rg1 Rb5 67. Rd1 c2 0-1

[Event "Mittelfrankenliga 05/06 (B1)"]
[Site "Mfr.2005/06-R1"]
[Date "2005.10.16"]
[Round "1.4"]
[White "Koschka, Guenther"]
[Black "Renner, Christian"]
[Result "1/2-1/2"]
[WhiteElo "1938"]
[BlackElo "1920"]
[Annotator "SF Fürth1-NTNbg3"]
[PlyCount "52"]
[EventDate "2005.10.16"]
[SourceDate "2005.10.17"]

1. e4 c5 2. Nf3 Nc6 3. d4 cxd4 4. Nxd4 Nf6 5. Nxc6 bxc6 6. Bd3 e6 7. O-O d5 8.
exd5 cxd5 9. c3 Be7 10. Bf4 Qb6 11. Qb3 O-O 12. Nd2 Ba6 13. Qxb6 axb6 14. Bxa6
Rxa6 15. a3 Ra4 16. Be3 Nd7 17. f4 Rfa8 18. Bd4 Bd6 19. Rae1 R4a5 20. Re2 Rb5
21. Nb1 Rb3 22. Rc2 Ra4 23. Nd2 Rb5 24. Nb1 Rb3 25. Nd2 Rb5 26. Nb1 Rb3 1/2-1/2

[Event "Mittelfrankenliga 05/06 (B1)"]
[Site "Mfr.2005/06-R1"]
[Date "2005.10.16"]
[Round "1.5"]
[White "Vogiatzis, Joannis"]
[Black "Thiele, Heinz[56]"]
[Result "0-1"]
[WhiteElo "1910"]
[BlackElo "1994"]
[Annotator "SF Fürth1-NTNbg3"]
[PlyCount "122"]
[EventDate "2005.10.16"]
[SourceDate "2005.10.17"]

1. d4 g6 2. e4 d6 3. Bg5 Bg7 4. c3 h6 5. Bh4 Nf6 6. Nd2 O-O 7. Ngf3 c6 8. Be2
Nbd7 9. O-O Qc7 10. a4 Re8 11. Qc2 e5 12. Rfd1 d5 13. Bxf6 Nxf6 14. dxe5 Nxe4
15. Nxe4 dxe4 16. Qxe4 Bf5 17. Qd4 Bxe5 18. Nxe5 Qxe5 19. Qxe5 Rxe5 20. Bf3 a5
21. h3 Rae8 22. b4 R8e7 23. Rd8+ Kg7 24. Rb8 Bc2 25. Ra2 Bb3 26. Rb2 Bxa4 27.
bxa5 Bb5 28. Kh2 Rc5 29. Rb3 Ba6 30. Ra3 Ree5 31. Ra4 Rxc3 32. Rd4 Re7 33. Ra8
Rc5 34. Ra7 Rc7 35. Ra4 Rc2 36. Rb4 Rxf2 37. Rb6 Rc8 38. Bxc6 bxc6 39. Rbxa6 c5
40. Rb7 c4 41. Kg1 Ra2 42. Raa7 Kf6 43. Rc7 Rxc7 44. Rxc7 Rxa5 45. Rxc4 Ra2 46.
Kh2 g5 47. h4 Kg6 48. hxg5 hxg5 49. Rc6+ Kh5 50. Rf6 Ra7 51. Kg3 Rc7 52. Kf3
g4+ 53. Kg3 Kg5 54. Rb6 Rc3+ 55. Kf2 g3+ 56. Kf1 f5 57. Rb4 Rc2 58. Ra4 Rf2+
59. Kg1 Rf4 60. Ra1 Rb4 61. Rf1 Rb2 0-1

[Event "Mittelfrankenliga 05/06 (B1)"]
[Site "Mfr.2005/06-R1"]
[Date "2005.10.16"]
[Round "1.6"]
[White "Dittmar, Thomas"]
[Black "Krauss, Hermann"]
[Result "0-1"]
[WhiteElo "1920"]
[BlackElo "1999"]
[Annotator "SF Fürth1-NTNbg3"]
[PlyCount "86"]
[EventDate "2005.10.16"]
[SourceDate "2005.10.17"]

1. d4 Nf6 2. Nf3 c5 3. d5 d6 4. c4 e5 5. Nc3 Be7 6. h3 Nbd7 7. e4 Nf8 8. Be3
Ng6 9. g4 h6 10. Qd2 a6 11. a4 Nh7 12. Bg2 Ng5 13. Ng1 Nh4 14. Rh2 Bf6 15. f3
O-O 16. Nce2 Nh7 17. f4 exf4 18. Bxf4 Re8 19. Bh1 Qe7 20. O-O-O b5 21. Nf3 Nxf3
22. Bxf3 Ng5 23. Qe3 bxa4 24. Ng3 Rb8 25. Bh1 Nxh3 26. Rxh3 Bxb2+ 27. Kc2 Bxg4
28. Nf5 Qf6 29. Rxh6 Bxd1+ 30. Kxd1 gxh6 31. Qh3 Rb3 32. Nxh6+ Kh7 33. Bf3 Rxf3
34. Qxf3 Qd4+ 35. Kc2 Qxe4+ 36. Qxe4+ Rxe4 37. Bd2 Re2 38. Nxf7 Be5 39. Kd3 Rg2
40. Nxe5 dxe5 41. d6 Rg6 42. Ke4 Rxd6 43. Bc3 Rd4+ 0-1

[Event "Mittelfrankenliga 05/06 (B1)"]
[Site "Mfr.2005/06-R1"]
[Date "2005.10.16"]
[Round "1.7"]
[White "Bayer, Marius"]
[Black "Berkovych, Igor"]
[Result "0-1"]
[WhiteElo "1879"]
[BlackElo "1913"]
[Annotator "SF Fürth1-NTNbg3"]
[PlyCount "72"]
[EventDate "2005.10.16"]
[SourceDate "2005.10.17"]

1. d4 Nf6 2. Nf3 g6 3. Nc3 Bg7 4. e4 d6 5. Bc4 O-O 6. Qe2 c6 7. e5 dxe5 8. dxe5
Nd5 9. Bd2 Bg4 10. h3 Bxf3 11. gxf3 Nxc3 12. Bxc3 e6 13. Bd3 Nd7 14. O-O-O Qc7
15. f4 Nb6 16. h4 h5 17. Rdg1 Nd5 18. Bd2 c5 19. Bxg6 fxg6 20. Rxg6 Nxf4 21.
Bxf4 Rxf4 22. Rhg1 Rg4 23. R1xg4 hxg4 24. h5 Kf7 25. f4 Qc6 26. Qd1 g3 27. b3
c4 28. Qg4 Qh1+ 29. Kb2 c3+ 30. Ka3 Bf8+ 31. b4 Qc1+ 32. Ka4 Qxc2+ 33. Kb5 Qd3+
34. Ka4 b5+ 35. Ka5 Qd8+ 36. Ka6 Qb6# 0-1

[Event "Mittelfrankenliga 05/06 (B1)"]
[Site "Mfr.2005/06-R1"]
[Date "2005.10.16"]
[Round "1.8"]
[White "Buchta, Juergen"]
[Black "Puehn, Georg"]
[Result "1-0"]
[WhiteElo "1787"]
[BlackElo "1900"]
[Annotator "SF Fürth1-NTNbg3"]
[PlyCount "115"]
[EventDate "2005.10.16"]
[SourceDate "2005.10.17"]

1. e4 c6 2. d4 d5 3. exd5 cxd5 4. Nf3 Nf6 5. h3 Bf5 6. Bd3 Bxd3 7. Qxd3 e6 8.
c3 Bd6 9. O-O Nbd7 10. Re1 Qc7 11. Nbd2 Rc8 12. Nf1 O-O 13. Be3 Qb8 14. Re2 b5
15. a3 a6 16. Rae1 a5 17. b4 Rc6 18. Rc2 Rfc8 19. Rec1 Ne4 20. N3d2 f5 21. f3
Nef6 22. Nb3 a4 23. Nbd2 g6 24. Bh6 e5 25. dxe5 Nxe5 26. Qe2 Nf7 27. Be3 Re8
28. Qf2 Ne5 29. Rd1 Nfd7 30. Nb1 Nf6 31. Bd4 Bc7 32. Kh1 Qd8 33. Re2 Rce6 34.
Bxe5 Rxe5 35. Rxe5 Rxe5 36. Qc5 Qd7 37. Qd4 Qd6 38. Qd3 Qe6 39. Qxb5 Re2 40.
Qxa4 Rxg2 41. Kxg2 Qe2+ 42. Kg1 Bb6+ 43. Rd4 Bxd4+ 44. cxd4 Qxf3 45. Qc2 Qxh3
46. Qc8+ Kg7 47. Qc7+ Kf8 48. Qg3 Qh6 49. Qd6+ Kf7 50. Nbd2 Qh5 51. Qf4 Qd1 52.
Nf3 Qa1 53. Qc7+ Kf8 54. Qd6+ Kf7 55. Ne5+ Kg8 56. Qe6+ Kg7 57. Qe7+ Kh6 58.
Nf7+ 1-0

[Event "Mittelfrankenliga 05/06 (B1)"]
[Site "Mfr.2005/06-R1"]
[Date "2005.10.16"]
[Round "1.1"]
[White "Trefny, Vlastimil"]
[Black "Seitz, Hans"]
[Result "1-0"]
[WhiteElo "2201"]
[BlackElo "2016"]
[Annotator "Herzogenaurach1-SG/TB Erlangen1"]
[PlyCount "55"]
[EventDate "2005.10.16"]
[SourceDate "2005.10.17"]

1. e4 e6 2. d4 d5 3. Nc3 Nf6 4. e5 Nfd7 5. f4 c5 6. Nf3 Nc6 7. Be3 cxd4 8. Nxd4
Bc5 9. Qd2 a6 10. O-O-O Qc7 11. h4 Nxd4 12. Bxd4 O-O 13. h5 b5 14. Kb1 b4 15.
Na4 Bxd4 16. Qxd4 a5 17. g4 Ba6 18. Bxa6 Rxa6 19. Rhe1 Rc6 20. Qd2 f5 21. Rg1
Rc4 22. Qg2 Rxf4 23. gxf5 Nxe5 24. fxe6 Nf3 25. Nb6 Nxg1 26. Nxd5 Rf2 27. Qxf2
Rxf2 28. Nxc7 1-0

[Event "Mittelfrankenliga 05/06 (B1)"]
[Site "Mfr.2005/06-R1"]
[Date "2005.10.16"]
[Round "1.2"]
[White "Walther, Reinhard"]
[Black "Goetz, Andreas[66]"]
[Result "1/2-1/2"]
[WhiteElo "1938"]
[BlackElo "2144"]
[Annotator "Herzogenaurach1-SG/TB Erlangen1"]
[PlyCount "128"]
[EventDate "2005.10.16"]
[SourceDate "2005.10.17"]

1. d4 Nf6 2. c4 e6 3. Nc3 Bb4 4. Qc2 O-O 5. a3 Bxc3+ 6. Qxc3 b6 7. Nf3 Ne4 8.
Qd3 d5 9. cxd5 exd5 10. g3 Ba6 11. Qc2 c5 12. Bg2 Nd7 13. Qa4 Bb7 14. O-O a6
15. Be3 b5 16. Qd1 c4 17. Nd2 Nd6 18. f3 Re8 19. Bf2 f5 20. e3 Rc8 21. Rc1 Nf6
22. Re1 Rc7 23. Qc2 Rce7 24. Nb1 Bc6 25. Nc3 a5 26. Na2 Rb7 27. Qd2 Rbe7 28.
Re2 Qa8 29. Be1 Ra7 30. Qc2 Rae7 31. Kf2 g5 32. Bc3 g4 33. Rce1 gxf3 34. Bxf3
Ng4+ 35. Bxg4 Ne4+ 36. Kg2 fxg4 37. Bd2 Bd7 38. Rf1 Rf8 39. Rf4 Rxf4 40. gxf4
Qe8 41. Nc3 Qh5 42. Nxe4 Qh3+ 43. Kg1 Rxe4 44. Rg2 Bf5 45. Qd1 Rxe3 46. Bxe3
Qxe3+ 47. Rf2 b4 48. Qd2 Qxd2 49. Rxd2 c3 50. bxc3 bxc3 51. Rd1 a4 52. Kf2 Kf7
53. Ke3 h5 54. Rc1 c2 55. Kd2 Be4 56. Kc3 Kf6 57. Kb4 h4 58. Kxa4 g3 59. hxg3
hxg3 60. Kb3 Kf5 61. a4 Bd3 62. Kc3 Bc4 63. Rxc2 Kxf4 64. Rb2 Kf3 1/2-1/2

[Event "Mittelfrankenliga 05/06 (B1)"]
[Site "Mfr.2005/06-R1"]
[Date "2005.10.16"]
[Round "1.3"]
[White "Liepold, Stefan"]
[Black "Trockmann, Rafael"]
[Result "0-1"]
[WhiteElo "2212"]
[BlackElo "1912"]
[Annotator "Herzogenaurach1-SG/TB Erlangen1"]
[PlyCount "114"]
[EventDate "2005.10.16"]
[SourceDate "2005.10.17"]

1. e4 Nf6 2. e5 Nd5 3. d4 d6 4. c4 Nb6 5. exd6 exd6 6. Nf3 Be7 7. Nc3 O-O 8.
Be2 Bg4 9. h3 Bh5 10. Be3 c6 11. g4 Bg6 12. Qd2 d5 13. c5 N6d7 14. O-O Nf6 15.
Ne5 Nbd7 16. Nxg6 fxg6 17. b4 a6 18. Bd3 Qc7 19. Rae1 Rae8 20. Bf4 Qc8 21. a4
Rf7 22. b5 axb5 23. axb5 Nf8 24. Na4 N6d7 25. Nb6 Nxb6 26. cxb6 Ne6 27. Be5 Ng5
28. Re3 Nf3+ 29. Rxf3 Rxf3 30. Kg2 Ref8 31. Be2 R3f7 32. f4 c5 33. Bf3 Qd7 34.
dxc5 Kh8 35. Bxd5 Rd8 36. Rd1 Qxb5 37. Bc7 Rd7 38. Qc2 Qxc5 39. Qe4 Rf8 40. Bb3
Rxd1 41. Bxd1 Bh4 42. Qc2 Qxc2+ 43. Bxc2 Bd8 44. Be4 Bxc7 45. bxc7 Rc8 46. Bxb7
Rxc7 47. Bd5 Rc5 48. Be6 g5 49. fxg5 Rxg5 50. Kf3 Re5 51. Bf5 g5 52. Kg2 Re3
53. h4 gxh4 54. Kh2 Kg7 55. Bd7 Kf6 56. Bc8 Kg5 57. Bd7 h3 0-1

[Event "Mittelfrankenliga 05/06 (B1)"]
[Site "Mfr.2005/06-R1"]
[Date "2005.10.16"]
[Round "1.4"]
[White "Wellmann, Franz Georg"]
[Black "Martin Fernandez, Rodrigo"]
[Result "0-1"]
[WhiteElo "1863"]
[BlackElo "2079"]
[Annotator "Herzogenaurach1-SG/TB Erlangen1"]
[PlyCount "76"]
[EventDate "2005.10.16"]
[SourceDate "2005.10.17"]

1. e4 c5 2. Nf3 a6 3. c4 Nc6 4. d4 cxd4 5. Nxd4 e5 6. Nxc6 bxc6 7. Be3 Nf6 8.
Nc3 d6 9. f3 Be7 10. Bd3 O-O 11. g4 Ne8 12. Ne2 Bg5 13. Qd2 Bxe3 14. Qxe3 Rb8
15. b3 Nc7 16. Rd1 Ne6 17. h4 a5 18. Kf2 Nc5 19. Kg3 Be6 20. f4 exf4+ 21. Nxf4
f6 22. Bc2 Qc7 23. h5 Bf7 24. h6 g5 25. Nh5 Bxh5 26. Rxh5 Rbe8 27. Kh3 Ne6 28.
Rf1 d5 29. e5 Qxe5 30. Qxe5 fxe5 31. Bf5 Nf4+ 32. Rxf4 gxf4 33. Rg5+ Kh8 34.
Rg7 Rf6 35. Rxh7+ Kg8 36. Kh4 f3 37. Kg5 Rxf5+ 38. Kg6 Rg5+ 0-1

[Event "Mittelfrankenliga 05/06 (B1)"]
[Site "Mfr.2005/06-R1"]
[Date "2005.10.16"]
[Round "1.5"]
[White "Petzold, Vinzenz"]
[Black "Boehm, Reinhard,Dr."]
[Result "1-0"]
[WhiteElo "2068"]
[BlackElo "1844"]
[Annotator "Herzogenaurach1-SG/TB Erlangen1"]
[PlyCount "111"]
[EventDate "2005.10.16"]
[SourceDate "2005.10.17"]

1. d4 d5 2. c4 e6 3. Nc3 Nf6 4. Bg5 c6 5. Nf3 Nbd7 6. Qc2 Qa5 7. cxd5 exd5 8.
Nd2 Bb4 9. e3 O-O 10. Bd3 h6 11. Bh4 c5 12. O-O c4 13. Be2 Bxc3 14. bxc3 b5 15.
Bf3 Bb7 16. a4 Nb6 17. axb5 Qxb5 18. Bxf6 gxf6 19. Rfb1 Qc6 20. e4 Qe6 21. Re1
Rfe8 22. e5 fxe5 23. Rxe5 Qd7 24. Rh5 Kg7 25. Nf1 a5 26. Ng3 Rh8 27. Nf5+ Kf8
28. Rxh6 Rxh6 29. Nxh6 f6 30. Ng4 Kg7 31. Qd2 Qf5 32. Qh6+ Kf7 33. Nxf6 Bc8 34.
Bh5+ Ke7 35. Qg7+ Kd8 36. Re1 Nd7 37. Qg8+ Kc7 38. Nxd5+ Kd6 39. Bf3 Bb7 40.
Qg3+ Ne5 41. Qxe5+ Qxe5 42. dxe5+ Kc5 43. Nc7 Bxf3 44. gxf3 Ra7 45. e6 Rxc7 46.
e7 Rxe7 47. Rxe7 Kb5 48. Rb7+ Ka4 49. h4 Ka3 50. h5 a4 51. h6 Ka2 52. h7 a3 53.
h8=Q Ka1 54. Qe5 Ka2 55. Qe2+ Ka1 56. Qd1+ 1-0

[Event "Mittelfrankenliga 05/06 (B1)"]
[Site "Mfr.2005/06-R1"]
[Date "2005.10.16"]
[Round "1.6"]
[White "Wolter, Norbert"]
[Black "Walter, Thomas[78]"]
[Result "1/2-1/2"]
[WhiteElo "1756"]
[BlackElo "2033"]
[Annotator "Herzogenaurach1-SG/TB Erlangen1"]
[PlyCount "131"]
[EventDate "2005.10.16"]
[SourceDate "2005.10.17"]

1. c4 Nf6 2. Nc3 e5 3. Nf3 Nc6 4. g3 d6 5. Bg2 Be7 6. d4 O-O 7. O-O Bg4 8. dxe5
dxe5 9. Qb3 Qc8 10. Nd5 Nxd5 11. cxd5 Bxf3 12. Qxf3 Nd4 13. Qe4 f5 14. Qd3 Bf6
15. e3 e4 16. Qd1 Nb5 17. Qb3 Nd6 18. Bd2 Qd7 19. Rac1 Rfd8 20. Rfd1 Qf7 21.
Bc3 Rd7 22. Bxf6 Qxf6 23. Rc2 a6 24. Rdc1 Qf7 25. Bf1 h5 26. Rc3 Rc8 27. Rd1
Kh7 28. Qc2 g6 29. b4 h4 30. a4 Re8 31. b5 axb5 32. axb5 b6 33. Rc1 Ree7 34.
Qb3 Nb7 35. Bc4 Rd6 36. Qc2 Nc5 37. Qa2 Re8 38. R1c2 Qe7 39. Ra3 Kg7 40. Qb2+
Qf6 41. Qxf6+ Kxf6 42. Kf1 g5 43. Ke2 hxg3 44. hxg3 g4 45. Rca2 Rh8 46. Ra8
Rdd8 47. Rxd8 Rxd8 48. Ra7 Rc8 49. Ra1 Ke5 50. Rh1 Ra8 51. d6 cxd6 52. Rd1 Nd3
53. Bxd3 Ra2+ 54. Kf1 exd3 55. Rxd3 Rb2 56. Kg2 d5 57. Rc3 Rxb5 58. Rc8 Rc5 59.
Re8+ Kd6 60. Rf8 Ke6 61. Re8+ Kf7 62. Rb8 Rb5 63. Kf1 Rb2 64. Rd8 Ke6 65. Re8+
Kd6 66. Rf8 1/2-1/2

[Event "Mittelfrankenliga 05/06 (B1)"]
[Site "Mfr.2005/06-R1"]
[Date "2005.10.16"]
[Round "1.7"]
[White "Weiss, Michael[81]"]
[Black "Habermann, Manfred,Dr."]
[Result "1/2-1/2"]
[WhiteElo "1956"]
[BlackElo "1857"]
[Annotator "Herzogenaurach1-SG/TB Erlangen1"]
[PlyCount "136"]
[EventDate "2005.10.16"]
[SourceDate "2005.10.17"]

1. d4 g6 2. Nf3 Bg7 3. g3 b6 4. Bg2 Bb7 5. O-O d6 6. c4 Nd7 7. Nc3 e6 8. e4 Ne7
9. Be3 a6 10. Qd2 h6 11. Rfe1 Nf6 12. Qd3 O-O 13. h3 Nd7 14. Rad1 f5 15. exf5
exf5 16. Ng5 Bxg2 17. Ne6 Be4 18. Nxe4 fxe4 19. Qd2 Qc8 20. Nxg7 Kxg7 21. Bxh6+
Kg8 22. Bxf8 Qxf8 23. Rxe4 Nf6 24. Re6 Re8 25. Rde1 Kg7 26. Qe3 Nfg8 27. g4 Qf7
28. Qe4 Nf6 29. Qb7 Neg8 30. Rxe8 Nxe8 31. Qxa6 Nef6 32. Qb5 d5 33. cxd5 Nxd5
34. Qe8 Qf6 35. Qe5 Nge7 36. a3 Kf7 37. Re4 Qf3 38. Qe6+ Kf8 39. h4 Qf6 40.
Qxf6+ Nxf6 41. Rf4 Ned5 42. Rf3 Ke7 43. g5 Nh5 44. Kf1 Nhf4 45. Rg3 Ke6 46. Ke1
Kf5 47. a4 Ke4 48. Rg4 Kd3 49. Kd1 Kc4 50. Kc2 Kxd4 51. Rg3 Kc4 52. b3+ Kd4 53.
Kd2 c5 54. Kc2 c4 55. bxc4 Kxc4 56. Rg1 Kb4 57. Ra1 Nc3 58. Re1 Ncd5 59. Re4+
Kc5 60. Kb3 Nd3 61. Re6 N3f4 62. Re4 Kd6 63. Kc4 Ne6 64. Re1 Nef4 65. Re4 Kc6
66. Kd4 Kd6 67. Kc4 Ne6 68. Re1 Nef4 1/2-1/2

[Event "Mittelfrankenliga 05/06 (B1)"]
[Site "Mfr.2005/06-R1"]
[Date "2005.10.16"]
[Round "1.8"]
[White "Koenig, Oliver"]
[Black "Orban, Martin"]
[Result "1-0"]
[WhiteElo "1907"]
[BlackElo "1805"]
[Annotator "Herzogenaurach1-SG/TB Erlangen1"]
[PlyCount "87"]
[EventDate "2005.10.16"]
[SourceDate "2005.10.17"]

1. d4 Nf6 2. c4 g6 3. Nc3 Bg7 4. e4 d6 5. Be2 O-O 6. Nf3 e5 7. d5 Nbd7 8. Bg5
h6 9. Bh4 a6 10. Nd2 Qe8 11. b4 Nh7 12. f3 f5 13. O-O Rf7 14. Bf2 Bf8 15. Rc1
f4 16. Na4 b6 17. c5 b5 18. cxd6 cxd6 19. Nb6 Rb8 20. Nxc8 Rxc8 21. Nb3 h5 22.
Qd2 g5 23. Rxc8 Qxc8 24. Rc1 Qd8 25. Na5 Ndf6 26. Nc6 Qd7 27. a4 g4 28. axb5
axb5 29. Bxb5 gxf3 30. Nxe5 Qxb5 31. Nxf7 Nxe4 32. Qxf4 Nxf2 33. Nh6+ Bxh6 34.
Qxh6 Qe8 35. Qe6+ Qxe6 36. dxe6 Nd3 37. Rc8+ Kg7 38. b5 f2+ 39. Kf1 Nf6 40.
Rc7+ Kg6 41. Rc3 Nc5 42. Rxc5 dxc5 43. b6 c4 44. b7 1-0

[Event "Mittelfrankenliga 05/06 (B1)"]
[Site "Mfr.2005/06-R1"]
[Date "2005.10.16"]
[Round "1.1"]
[White "Gueting, Jens"]
[Black "Hoermann, Gunther"]
[Result "1-0"]
[WhiteElo "2169"]
[BlackElo "2131"]
[Annotator "Cadolzburg1-Nbg.1911/1"]
[PlyCount "157"]
[EventDate "2005.10.16"]
[SourceDate "2005.10.17"]

1. e4 c5 2. Nf3 a6 3. c3 d6 4. d4 Nd7 5. Bd3 g6 6. O-O Bg7 7. a4 e6 8. Na3 Qc7
9. Qe2 Ne7 10. Bd2 O-O 11. Rac1 Qc6 12. b3 e5 13. Bc4 h6 14. Nc2 Rb8 15. Ne3
Kh7 16. Nd5 Nxd5 17. Bxd5 Qc7 18. b4 b5 19. a5 exd4 20. cxd4 c4 21. Ne1 Bxd4
22. Bxh6 Bxf2+ 23. Rxf2 Kxh6 24. Rxf7 Rxf7 25. Bxf7 Ne5 26. Qe3+ Kg7 27. Bd5
Bg4 28. h3 Bd7 29. Qd4 Kh7 30. Nf3 Nxf3+ 31. gxf3 Rf8 32. Kg2 Qd8 33. h4 Rf4
34. Rh1 Rxh4 35. Rxh4+ Qxh4 36. Qa7 Qh3+ 37. Kf2 c3 38. Bb3 Kh6 39. Qe3+ Kh5
40. Qxc3 Qh2+ 41. Ke3 Qe5 42. Qxe5+ dxe5 43. Bd5 Bc8 44. f4 exf4+ 45. Kxf4 Kh4
46. Ke5 g5 47. Kd6 g4 48. e5 Bf5 49. e6 Kg5 50. e7 Bg6 51. Kc7 Kf6 52. Be4 Bf7
53. Kb6 Kxe7 54. Kxa6 Bc4 55. Kb6 Be2 56. a6 Bf3 57. Bxf3 gxf3 58. a7 f2 59.
a8=Q f1=Q 60. Qd5 Qf4 61. Qc5+ Kd7 62. Qxb5+ Kd8 63. Ka6 Kc8 64. Qb7+ Kd8 65.
Ka7 Qd2 66. Qb6+ Ke8 67. b5 Qa2+ 68. Kb8 Qb2 69. Qe6+ Kd8 70. Qd6+ Ke8 71. b6
Kf7 72. b7 Qh8+ 73. Kc7 Qc3+ 74. Kd8 Qh8+ 75. Kd7 Qh3+ 76. Kc6 Qc3+ 77. Qc5
Qf6+ 78. Kd7 Qf4 79. Qc7 1-0

[Event "Mittelfrankenliga 05/06 (B1)"]
[Site "Mfr.2005/06-R1"]
[Date "2005.10.16"]
[Round "1.2"]
[White "Rausch, Wolfgang"]
[Black "Demburg, Dimitrij"]
[Result "1/2-1/2"]
[WhiteElo "2071"]
[BlackElo "1956"]
[Annotator "Cadolzburg1-Nbg.1911/1"]
[PlyCount "108"]
[EventDate "2005.10.16"]
[SourceDate "2005.10.17"]

1. Nf3 f5 2. g3 Nf6 3. Bg2 g6 4. c3 Bg7 5. Qb3 c6 6. O-O a5 7. a4 Na6 8. d4 Nc7
9. Nbd2 d5 10. Ne5 Ne6 11. Ndf3 Ne4 12. Nd3 g5 13. Nfe5 O-O 14. f3 Nf6 15. Bd2
Qd6 16. Qa3 Nd7 17. Qxd6 exd6 18. Nxd7 Bxd7 19. e3 c5 20. Nf2 Bc6 21. Rfe1 Rae8
22. b3 h6 23. Bf1 f4 24. exf4 cxd4 25. Bh3 Nc5 26. Rxe8 Rxe8 27. cxd4 Nxb3 28.
Rd1 Nxd4 29. Bxa5 Nxf3+ 30. Kg2 d4 31. Bg4 Ne5+ 32. Kh3 gxf4 33. gxf4 Nxg4 34.
Kxg4 Bxa4 35. Rd2 Bd7+ 36. Kf3 Ra8 37. Bb6 Bc6+ 38. Kg4 Ra4 39. Bc7 d5 40. Nd3
Ra1 41. Ne5 Ra4 42. Kf5 Ra6 43. Ke6 b5 44. Rxd4 Bb7+ 45. Kd7 Bc6+ 46. Nxc6 Bxd4
47. Nxd4 b4 48. Bd6 Rb6 49. Nb3 Ra6 50. Ke6 Ra3 51. Nd2 Rd3 52. Bxb4 Rd4 53.
Bc3 Rxf4 54. Kxd5 Rf2 1/2-1/2

[Event "Mittelfrankenliga 05/06 (B1)"]
[Site "Mfr.2005/06-R1"]
[Date "2005.10.16"]
[Round "1.3"]
[White "Steger, Otmar"]
[Black "Strobel, Norbert"]
[Result "1-0"]
[WhiteElo "1984"]
[BlackElo "1998"]
[Annotator "Cadolzburg1-Nbg.1911/1"]
[PlyCount "57"]
[EventDate "2005.10.16"]
[SourceDate "2005.10.17"]

1. d4 e6 2. c4 b6 3. Nc3 Bb7 4. a3 Nf6 5. Bg5 Be7 6. Qc2 h6 7. Bh4 O-O 8. e4 c5
9. d5 Nxd5 10. Bxe7 Nxe7 11. O-O-O f5 12. Nf3 Qc7 13. Kb1 fxe4 14. Nxe4 d5 15.
Ned2 Nbc6 16. Re1 Nf5 17. Bd3 Nfd4 18. Qc3 Rae8 19. Ka1 Nxf3 20. Nxf3 d4 21.
Qc2 e5 22. Bg6 Re7 23. Bh7+ Kh8 24. Nh4 e4 25. Bxe4 Ne5 26. Bxb7 d3 27. Qc3 d2
28. Rxe5 Rd8 29. Rxe7 1-0

[Event "Mittelfrankenliga 05/06 (B1)"]
[Site "Mfr.2005/06-R1"]
[Date "2005.10.16"]
[Round "1.4"]
[White "Metzenroth, Dieter"]
[Black "Augustin, Achim"]
[Result "1/2-1/2"]
[WhiteElo "1855"]
[BlackElo "1948"]
[Annotator "Cadolzburg1-Nbg.1911/1"]
[PlyCount "87"]
[EventDate "2005.10.16"]
[SourceDate "2005.10.17"]

1. d4 c5 2. dxc5 e6 3. Nc3 Bxc5 4. Ne4 d5 5. Nxc5 Qa5+ 6. c3 Qxc5 7. Bf4 Nc6 8.
Nf3 f6 9. Qd2 e5 10. Bg3 a5 11. e3 Nge7 12. h3 Be6 13. Be2 O-O 14. O-O Nf5 15.
Bh2 b5 16. a4 bxa4 17. Rxa4 Nd6 18. b4 axb4 19. cxb4 Qb6 20. Rfa1 Rxa4 21. Rxa4
Rd8 22. b5 Nxb5 23. Qb2 Rb8 24. g4 Nc7 25. Qxb6 Rxb6 26. Nd4 Rb1+ 27. Kg2 exd4
28. Bxc7 dxe3 29. fxe3 Rb2 30. Kf1 h5 31. Ra6 Rc2 32. Bd6 Rc1+ 33. Kf2 hxg4 34.
hxg4 Kf7 35. Bb5 Bd7 36. Bxc6 Rxc6 37. Rxc6 Bxc6 38. Kg3 Ke6 39. Bb8 Ba4 40.
Kf4 g5+ 41. Kg3 f5 42. gxf5+ Kxf5 43. Ba7 Bd1 44. Bb6 1/2-1/2

[Event "Mittelfrankenliga 05/06 (B1)"]
[Site "Mfr.2005/06-R1"]
[Date "2005.10.16"]
[Round "1.5"]
[White "Wissmeier, Bernd"]
[Black "Zwingel, Stephan"]
[Result "0-1"]
[WhiteElo "1910"]
[BlackElo "1913"]
[Annotator "Cadolzburg1-Nbg.1911/1"]
[PlyCount "120"]
[EventDate "2005.10.16"]
[SourceDate "2005.10.17"]

1. e4 c5 2. Nf3 d6 3. d4 cxd4 4. Nxd4 Nf6 5. Nc3 a6 6. Bg5 e6 7. f4 Qc7 8. Bxf6
gxf6 9. Qh5 Qc5 10. Qxc5 dxc5 11. Nb3 Rg8 12. g3 h5 13. O-O-O b6 14. Na4 Nd7
15. Be2 b5 16. Nc3 h4 17. Rhg1 hxg3 18. hxg3 Bh6 19. Kb1 Bb7 20. Bh5 Rd8 21.
Na5 Ba8 22. f5 Ke7 23. Be2 Be3 24. Rh1 Rh8 25. g4 Bd4 26. Bf3 Ne5 27. Bg2 Nxg4
28. fxe6 fxe6 29. Ne2 Be5 30. Rxd8 Rxh1+ 31. Bxh1 Kxd8 32. Nb3 Nf2 33. Bg2 Bxe4
34. Bf1 Bd6 35. Nc3 Ba8 36. Kc1 Bf4+ 37. Kb1 Be3 38. Ne2 Ne4 39. Bh3 Ke7 40. c3
Nd2+ 41. Nxd2 Bxd2 42. Kc2 Bg5 43. Kd3 f5 44. Ng3 Bd5 45. b3 Kf6 46. c4 bxc4+
47. bxc4 Bf3 48. Bf1 e5 49. Bh3 e4+ 50. Kc3 f4 51. Nf1 e3 52. Nh2 Be4 53. Bg4
Kg6 54. Be2 Bf6+ 55. Kb3 Kg5 56. Nf3+ Bxf3 57. Bxf3 Kh4 58. Kc2 Kg3 59. Be4 f3
60. Kd1 e2+ 0-1

[Event "Mittelfrankenliga 05/06 (B1)"]
[Site "Mfr.2005/06-R1"]
[Date "2005.10.16"]
[Round "1.6"]
[White "Truempelmann, Jochen"]
[Black "Weinmann, Stefan"]
[Result "1/2-1/2"]
[WhiteElo "1947"]
[BlackElo "1991"]
[Annotator "Cadolzburg1-Nbg.1911/1"]
[PlyCount "91"]
[EventDate "2005.10.16"]
[SourceDate "2005.10.17"]

1. e4 c5 2. d4 cxd4 3. c3 Nf6 4. e5 Nd5 5. cxd4 e6 6. Nf3 Nc6 7. Bc4 Nb6 8. Bd3
d6 9. O-O Be7 10. Nc3 O-O 11. Qe2 Nb4 12. Bb1 N4d5 13. Qd3 f5 14. exf6 Nxf6 15.
Ng5 g6 16. Nxh7 Kxh7 17. Qxg6+ Kh8 18. Ne4 Nbd5 19. Nxf6 Nxf6 20. Bg5 Qd7 21.
Re1 Bd8 22. Rxe6 Qg7 23. Bxf6 Bxf6 24. Qxg7+ Kxg7 25. Rxd6 Be7 26. Rg6+ Kf7 27.
Rg3 Rd8 28. Rf3+ Bf6 29. d5 Bg4 30. Rf4 Rxd5 31. Be4 Rd1+ 32. Rxd1 Bxd1 33.
Bxb7 Rb8 34. Bd5+ Kg7 35. b3 Rd8 36. Bc4 Rd2 37. a4 Bh5 38. g3 Be8 39. Kf1 Bd7
40. g4 Bc6 41. Be2 Be5 42. Rf5 Bxh2 43. Bf3 Bxf3 44. Rxf3 Bc7 45. Kg2 Rb2 46.
Rd3 1/2-1/2